000 00867cam a22002653a 4500
001 22631
003 PGUSA
005 20140828083500.0
008 070916s2007||||xxu|||||s|||||000 | eng d
040 _aPGUSA
_beng
042 _adc
050 4 _aDT
100 1 _aShabeeny, Abd Salam, active 1820
245 1 3 _aAn Account of Timbuctoo and Housa Territories in the Interior of Africa
_h[electronic resource] /
_cAbd Salam, active 1820 Shabeeny
260 _bProject Gutenberg,
_c2007
506 _aPublic domain in the USA.
516 _aElectronic text
653 _aSudan (Region) -- Description and travel
653 _aTombouctou (Mali) -- Description and travel
653 _aMorocco -- Description and travel
700 1 _aJackson, James Grey
830 0 _aProject Gutenberg
_v22631
856 4 0 _uhttp://www.gutenberg.org/ebooks/22631
942 _cEB
999 _c251886
_d251886